Zap’s Prague

Titel: Zap’s Prague : the city, the nation and Czech elites before 1848 / Chad Bryant
Verfasser:
In: Urban history, Band 40, Heft 2 (2013), Seite 181-201
alle Artikel anzeigen
Veröffentlicht: 2013
Format: Aufsatz
Sprache: Englisch
Schlagworte:
Kein Bild verfügbar
X
alg: 42127497
001A    $03025:16-11-17 
001B    $01999:16-11-17 $t23:32:50.000 
001C    $03025:16-11-17 $t09:38:49.000 
001D    $03025:16-11-17 
001U    $0utf8 
001X    $00 
002@    $0Oou 
002C    $aText $btxt $2rdacontent 
002D    $aComputermedien $bc $2rdamedia 
002E    $aOnline-Ressource $bcr $2rdacarrier 
003@    $0421274972 
007A    $0421274972 $aHEB 
009Q    $uhttps://www.cambridge.org/core/journals/urban-history/issue/404A2F4E2A2D2589E78F270A44965911 $xH 
010@    $aeng 
010E    $erda 
011@    $a2013 
021A    $aZap’s Prague $dthe city, the nation and Czech elites before 1848 $hChad Bryant 
028A    $BVerfasser $#Bryant, Chad $4aut $7136844448 $8Bryant, Chad Carl$Z1971- [Tp3] $9207415404 
031A    $d40 $e2 $h181-201 $j2013 
039B    $aEnthalten in $8--Obvc--. Urban history. - Cambridge : Cambridge Univ. Press, 1974-. - Online-Ressource. - ISSN 1469-8706 $x201300000400002819 $9079278078 
044K    $#Zap, Karel Ladislaw $#Zap, Karel František $#Zap, Karl Wladislaw $#Zap, Karl W. $#Zap, Karl Ladislaus $#Zap, Karl Franz $#Zap, K. W. $#Zap, Karel Wladislaw $7123882435 $8Zap, Karel Vladislav$Z1812-1871 [Tp1] $9154691518 
044K    $#Prag $#Hlavni Město Praha $#Hauptstadt Prag $#Prag Kraj $#Bezirk Prag $#Praha $#Prague $#Praga $#Praag $74076310-9 $8Prag [Tg1] $9085216283 
044K    $RKader $ROberschicht $#Elite (Social sciences) $#Political leadership $#Élite (sciences sociales) $#Élite (sciences sociales) Éducation $#Classes dirigeantes $#Elite $#Élites $#Elite $#Elite $#Elitebildung $#Führungsgruppe $#Führungsschicht $#Eliten $74014457-4 $8Elite [Ts1] $9085032360 
044K    $RPolitische Bewegung $RNationalismus $REinheitsbewegung $RUnabhängigkeitsbewegung $#Separatist movements $#Mouvements autonomistes $#Nationale Bewegung $74171210-9 $8Nationalbewegung [Ts1] $9085787388 
044K    $RArchitekt $RBaudenkmal $RBauweise $RInnenarchitektur $#Architecture $#Architecture $#Baukunst $74002851-3 $8Architektur [Ts1] $9084999292 
045R    $aGeschichte 1812-1848 

lok: 42127497 78

exp: 42127497 78 1 #EPN
201B/01 $016-11-17 $t09:27:51.000 
201C/01 $016-11-17 
201U/01 $0utf8 
203@/01 $01011679078 
208@/01 $a16-11-17 $be 
209A/01 $a/ $f000 $x00 
209A/01 $ab*p $x01 
220C/01 $apgar 
244Z/01 $#Böhmische Kronländer $#Länder der Böhmischen Krone $#Sudetenland $#Böhmen $#Mähren $#Mährisch-Schlesien $#Österreichisch-Schlesien $#Tschechische Sozialistische Republik Böhmische Länder $#Tschechei Böhmische Länder $#Země koruny české $74069573-6 $8--Tg1--Böhmische Länder $x01 $9085195553 
247C/01 $82080>Marburg/Lahn, Herder-Institut, Forschungsbibliothek, Bibliographieportal $9336309341
LEADER 00000caa a2200000 c 4500
001 421274972
003 DE-603
005 20171116233250.0
007 cr||||||||||||
008 171116s2013 xx |||| o| u00||u|eng c
035 |a (DE-599)HEB421274972 
040 |a DE-603  |b ger  |c DE-603  |d DE-603  |e rda 
041 |a eng 
100 1 |a Bryant, Chad Carl  |d 1971-  |e Verfasser  |4 aut  |0 (DE-603)207415404  |0 (DE-588)136844448  |2 gnd 
245 0 0 |a Zap’s Prague  |b the city, the nation and Czech elites before 1848  |c Chad Bryant 
264 0 |c 2013 
336 |a Text  |b txt  |2 rdacontent 
337 |a Computermedien  |b c  |2 rdamedia 
338 |a Online-Ressource  |b cr  |2 rdacarrier 
600 1 7 |a Zap, Karel Vladislav  |d 1812-1871  |0 (DE-588)123882435  |0 (DE-603)154691518  |2 gnd 
648 7 |a Geschichte 1812-1848  |2 gnd 
650 7 |a Elite  |0 (DE-588)4014457-4  |0 (DE-603)085032360  |2 gnd 
650 7 |a Nationalbewegung  |0 (DE-588)4171210-9  |0 (DE-603)085787388  |2 gnd 
650 7 |a Architektur  |0 (DE-588)4002851-3  |0 (DE-603)084999292  |2 gnd 
651 7 |a Prag  |0 (DE-588)4076310-9  |0 (DE-603)085216283  |2 gnd 
773 0 8 |i Enthalten in  |t Urban history  |d Cambridge : Cambridge Univ. Press, 1974-  |h Online-Ressource  |x 1469-8706  |g Band 40, Heft 2 (2013), Seite 181-201  |w (DE-603)079278078  |w (DE-600)1481895-4 
856 |u https://www.cambridge.org/core/journals/urban-history/issue/404A2F4E2A2D2589E78F270A44965911  |x Verlag 
924 1 |9 2080  |a (DE-603)1011679078  |b DE-2080  |c HES  |d d  |g /